000 00903nam a2200289Ia 4500
001 H5770
003 IT-RoPAU
008 130308s9999 xx 000 0 und d
040 _aIT-RoPAU
040 _cIT-RoPAU
041 _aITALIANO
100 _aVittadini Nicoletta
100 _gCodice Aut. SPICS: 36565
245 _aTg e altre culture (I)
245 _bSpeciale Tg. forme e Tecniche del Giornalismo Televisivo
250 _a4a ed.
260 _aNOVARA
260 _bInterlinea
260 _c2005 [1° Ed.:1997 - Ed.Ling.Originale:1997]
300 _a"10 p. (prefazione: no ; testo: 10 [pagine: 173-182])"
500 _a"Introduzione. rappresentazione Quotidiana: la Cronaca. Gli Altri Come Pubblico di Nicchia: Logica della Mediazione; Logica dell'Accesso."
650 _aGENERI TELEVISIVI
650 _eCodice materia Spics: 6960
942 _cBK
957 _71
999 _c84862
_d84862
999 _g1